000 01678nam a22004217a 4500
003 CHAP
005 20220329143509.0
008 100215s2009 mx r 00010 spa d
010 _a97545
011 _a98517
035 _a109202
040 _cCHAP
090 _aTesis
100 1 _aRodríguez López, Carmen.
_998637
245 1 0 _aIncidencia de enfermedades fungosas en trigo (Triticum aestivum L.) bajo siembra en camas permanentes en los Valles Altos de México
_c/por Carmen Rodríguez López
260 _aChapingo, Méx. :
_bEl autor,
_c2009
300 _aviii, 49 h. :
_bilus., cuadros, gráfs.
502 _aTesis (Ing. Agr. Esp. en Parasitología Agrícola) -- Departamento de Parasitología Agrícola
530 _aTambién disponible en línea
590 _aALEPH
_b10
_c20130110
_lUCH01
_h1532
590 _aBATCH-UPD
_b10
_c20130110
_lUCH01
_h1034
590 _aBATCH-UPD
_b10
_c20130410
_lUCH01
_h0636
590 _aBATCH-UPD
_b10
_c20130913
_lUCH01
_h2156
590 _aBATCH-UPD
_b10
_c20140324
_lUCH01
_h1514
590 _aBATCH-UPD
_b10
_c20141002
_lUCH01
_h0841
590 _aCONVERSION
_b10
_c20130109
_lUCH01
_h1354
650 1 4 _aAgricultura de temporal.
_91999
650 1 4 _aFungicidas.
_944044
650 1 4 _aNitrógeno
_xEfecto en trigo.
_981467
650 1 4 _aSiembra.
_9105838
650 1 4 _aTrigo
_xEnfermedades por hongos.
_9115018
650 1 4 _aTrigo
_zMéxico (Edo.).
_9115131
856 _3Finding aid
_uhttp://10.13.5.2/tesis/109202.pdf
_zTeclea aqui
901 _aBK
942 _cFOLL
949 _aTesis
_bBC
_cTES
_d33724002137181
_eTS1
_gDonaciØn
_h50002
_i109202
_sb
949 _aTesis
_bBC
_cTES
_d33724002137223
_eTS2
_fc.2
_gDonaciØn
_h50003
_i109202
_sb
999 _c97545
_d97545